COOKING WITH HERBS & SPIAS (Record no. 8092)
[ view plain ]
| 000 -LEADER | |
|---|---|
| fixed length control field | 00331nam a22001457a 4500 |
| 020 ## - INTERNATIONAL STANDARD BOOK NUMBER | |
| International Standard Book Number | 978-1-84427-341-1 |
| 082 ## - DEWEY DECIMAL CLASSIFICATION NUMBER | |
| Classification number | 641.6 |
| Item number | CLE |
| 100 ## - MAIN ENTRY--PERSONAL NAME | |
| Personal name | CLEVELY, ANDI |
| 245 ## - TITLE STATEMENT | |
| Title | COOKING WITH HERBS & SPIAS |
| 260 ## - PUBLICATION, DISTRIBUTION, ETC. (IMPRINT) | |
| Place of publication, distribution, etc | DELHI |
| Name of publisher, distributor, etc | ANNESS PUBLISHER |
| Year of Publication | 2009 |
| 300 ## - PAGE DESCRIPTION | |
| No. of Pages | 512 |
| 650 ## - SUBJECT ADDED ENTRY--TOPICAL TERM | |
| Topical term or geographic name as entry element | COOKERY |
| 653 ## - KEYWORDS--INDEX TERM | |
| Keyword term | COOKING,HERBS |
| 942 ## - ADDED ENTRY ELEMENTS (KOHA) | |
| Source of classification or shelving scheme | Dewey Decimal Classification |
| Koha item type | Books |
| Withdrawn status | Lost status | Source of classification or shelving scheme | Damaged status | Not for loan | Collection code | Home library | Current library | Shelving location | Date acquired | Vendor Name | Cost, normal purchase price | SGTU | Bill Number | Total Checkouts | Full call number | Accession No. (Barcode) | Date last seen | Date last borrowed | Bill Date | Koha item type |
|---|---|---|---|---|---|---|---|---|---|---|---|---|---|---|---|---|---|---|---|---|
| Dewey Decimal Classification | HOTEL MANAGEMENT | SGT Science & Social Sciences Library | SGT Science & Social Sciences Library | Text Book | 12/10/2015 | JINDAL BOOK SERVICE | 995.00 | SGTU | 1775 | 3 | 641.6 CLE | HM571 | 27/02/2019 | 12/02/2019 | 07/09/2015 | Books | ||||
| Dewey Decimal Classification | HOTEL MANAGEMENT | SGT Science & Social Sciences Library | SGT Science & Social Sciences Library | Text Book | 12/10/2015 | JINDAL BOOK SERVICE | 995.00 | SGTU | 1775 | 6 | 641.6 CLE | HM572 | 12/06/2019 | 10/06/2019 | 07/09/2015 | Books |